000 01007nam a2200217 a 4500
008 120222s2008 ||||||||||||||||| || u
020 _a9781416047896
050 _aQM 311 Den
100 _aFehrenbach, Margaret J
245 1 0 _aDental anatomy: coloring book
_cedited by Margaret J. Fehrenbach
260 _aSt. Louis, Missouri:
_bSaunders Elsevier
_c2008
300 _ax, 358p.: ill.
350 _a0.00
650 _aMOUTH--ANATOMY AND HISTOLOGY--COLOURING BOOK
650 _aTEETH--ANATOMY
650 _aJAW--ANATOMY AND HISTOLOGY--COLOURING BOOK
650 _aTEETH--ANATOMY AND HISTOLOGY--COLOURING BOOK
650 _aMOUTH--ANATOMY
995 _aMICHAEL CHILUFYA SATA OPEN ACCESS
_e902038
_FCBU-SCHOOL OF MEDICINE LIBRARY (Ndola)
_I0.00
_jQM 311 Den
_M2
_UAVAILABLE
_WMay 17, 2013
_y902038
_ZMedical Library Open Access Collection
995 _aMICHAEL CHILUFYA SATA OPEN ACCESS
_e901608
_FCBU-SCHOOL OF MEDICINE LIBRARY (Ndola)
_I0.00
_jQM 311 Den
_M1
_UREFERENCE
_WJun 28, 2012
_y901608
_ZReference Collection
999 _c63780
_d63780